000 00315nam a22001337a 4500
008 210302b ||||| |||| 00| 0 eng d
020 _a9780072551341
041 _aeng
080 _26th
_a33
100 _a59
101 _aBIZ
245 _aBusiness and Administrative Communication
_cLocker,O.K
942 _2udc
_cBK
999 _c55506
_d55506